[Event "Kosovo-chT"]
[Site "Pristina"]
[Date "2021.05.19"]
[Round "6.2"]
[White "Saraci, Korab"]
[Black "Suhogerlla, Xhevat"]
[Result "0-1"]
[WhiteElo "2227"]
[BlackElo "2168"]
[PlyCount "124"]
[EventDate "2021.05.15"]
[EventType "team-tourn"]
[EventRounds "7"]
[EventCountry "KOS"]
[SourceTitle "CBM 202 Extra"]
[Source "ChessBase"]
[SourceDate "2021.07.31"]
[SourceVersion "1"]
[SourceVersionDate "2021.07.31"]
[SourceQuality "1"]
[WhiteTeam "Dardania"]
[BlackTeam "Istogu"]
[WhiteTeamCountry "KOS"]
[BlackTeamCountry "KOS"]

1. d4 Nf6 2. c4 g6 3. Nc3 d5 4. cxd5 Nxd5 5. e4 Nxc3 6. bxc3 Bg7 7. Bc4 c5 8. Be3 Nc6 9. Ne2 cxd4 10. cxd4 0-0 11. 0-0 b6 12. Qd2 Bb7 13. Rac1 Na5 14. Bd3 Qd7 15. f3 e6 16. Qb4 Rfc8 17. Rfd1 Rxc1 18. Rxc1 Rc8 19. Rxc8+ Qxc8 20. Qb5 Bc6 21. Qg5 Qd7 22. Qg3 e5 23. Kf2 h5 24. d5 Bb5 25. Bxb5 Qxb5 26. Qg5 Qd7 27. Bd2 Nc4 28. Bb4 Nd6 29. Qc1 Bf8 30. Qc6 Qd8 31. a3 a5 32. Bc3 Qh4+ 33. Kg1 Nxe4 34. g3 Qh3 35. fxe4 Bc5+ 36. Nd4 exd4 37. Qe8+ Kg7 38. Qe5+ f6 39. Qc7+ Kf8 40. Qb8+ Kf7 41. Qc7+ Ke8 42. Qb8+ Kd7 43. Qa7+ Kd8 44. Qb8+ Qc8 45. Qxc8+ Kxc8 46. Bb2 b5 47. Kf1 Kd7 48. Ke2 Kd6 49. Kd3 f5 50. Bc1 fxe4+ 51. Kxe4 a4 52. Bf4+ Kd7 53. Bc1 g5 54. Bxg5 Bxa3 55. Kxd4 Bb2+ 56. Kd3 Kd6 57. h3 Kxd5 58. Be7 a3 59. Kc2 Kc4 60. g4 hxg4 61. hxg4 b4 62. g5 Bc3 0-1

[Event "KOS CupT"]
[Site "Pristina"]
[Date "2017.11.11"]
[Round "1.3"]
[White "Suhogerlla, Xhevat"]
[Black "Aliu, Besnik"]
[Result "1/2-1/2"]
[WhiteElo "2119"]
[BlackElo "2039"]
[PlyCount "51"]
[EventDate "2017.11.11"]
[EventType "team-tourn"]
[EventRounds "7"]
[EventCountry "KOS"]
[SourceTitle "EXT 2019"]
[Source "ChessBase"]
[SourceDate "2018.10.10"]
[SourceVersion "1"]
[SourceVersionDate "2018.10.10"]
[SourceQuality "1"]
[WhiteTeam "Pristina"]
[BlackTeam "Fushe Kosova"]
[WhiteTeamCountry "KOS"]
[BlackTeamCountry "KOS"]

1. e4 Nf6 2. Bc4 d6 3. Nc3 e5 4. d3 Nc6 5. Nge2 Be7 6. 0-0 0-0 7. f4 Nd4 8. Bb3 c6 9. h3 Nxb3 10. axb3 exf4 11. Bxf4 Nd7 12. Be3 Bf6 13. Qd2 Ne5 14. d4 Ng6 15. Rf3 Qc7 16. b4 b6 17. g4 h6 18. Raf1 Bg5 19. Ng3 Nh4 20. R3f2 Ba6 21. Bxg5 hxg5 22. Ra1 Bb7 23. Nf5 Nxf5 24. gxf5 f6 25. Qd3 d5 26. exd5 1/2-1/2